000 00209nam a22000977a 4500
082 _a894.812.3
_bNAR/U
100 _aPAKOTTU, NARAYANA PILLA
245 _aUNNINILAVU
650 _aMALAYALAM STORY BOOK
942 _cBK
999 _c7659
_d7659